ბათუმის შოთა რუსთაველის სახელმწიფო უნივერსიტეტის ბიბლიოთეკა

ევროკავშირი-გლობალური საერთაშორისო ფაქტორი (ბიბ.ჩანაწერი № 39337)

000 -LEADER
fixed length control field 00801nam a2200217Ia 4500
001 - CONTROL NUMBER
control field 5923
003 - CONTROL NUMBER IDENTIFIER
control field GE_BSU
008 - FIXED-LENGTH DATA ELEMENTS--GENERAL INFORMATION
fixed length control field 181216s||||||||xx |||||||||||||| ||und||
020 ## - INTERNATIONAL STANDARD BOOK NUMBER
International Standard Book Number 9789941174131
040 ## - CATALOGING SOURCE
Transcribing agency GE_BSU
080 ## - UNIVERSAL DECIMAL CLASSIFICATION NUMBER
Universal Decimal Classification number 341.217(4)
100 ## - MAIN ENTRY--PERSONAL NAME
Personal name მანველიძე, ირაკლი
245 ## - TITLE STATEMENT
Title ევროკავშირი-გლობალური საერთაშორისო ფაქტორი
245 ## - TITLE STATEMENT
Statement of responsibility, etc. რედ. კახაბერ სურგულაძე
260 ## - PUBLICATION, DISTRIBUTION, ETC.
Place of publication, distribution, etc. თბილისი
260 ## - PUBLICATION, DISTRIBUTION, ETC.
Name of publisher, distributor, etc. უნივერსალი
260 ## - PUBLICATION, DISTRIBUTION, ETC.
Date of publication, distribution, etc. 2011
300 ## - PHYSICAL DESCRIPTION
Extent 161გვ. 20სმ.
653 ## - INDEX TERM--UNCONTROLLED
Uncontrolled term ევროკავშირი-გლობალური საერთაშორისო ფაქტორი
942 ## - ADDED ENTRY ELEMENTS (KOHA)
Koha item type წიგნი
ეგზემპლარები
Withdrawn status Lost status Damaged status Not for loan Date acquired Barcode Date last seen Price effective from Koha item type
        2018-12-17 5212 2018-12-17 2018-12-17 წიგნი
        2018-12-17 5213 2018-12-17 2018-12-17 წიგნი
        2018-12-17 5214 2018-12-17 2018-12-17 წიგნი